Normal view
MARC view
- Communicative Disorders.
Entry Topical Term
001 - CONTROL NUMBER
- control field: 6297
003 - CONTROL NUMBER IDENTIFIER
- control field: OSt
005 - DATE AND TIME OF LATEST TRANSACTION
- control field: 20201103110900.0
008 - FIXED-LENGTH DATA ELEMENTS
- fixed length control field: 201103|| aca||aabn | a|a d
040 ## - CATALOGING SOURCE
- Original cataloging agency: OSt
- Transcribing agency: OSt
150 ## - HEADING--TOPICAL TERM
- Topical term or geographic name entry element: Communicative Disorders.
670 ## - SOURCE DATA FOUND
- Source citation: Work cat.: (OSt)0: Palmer, John M. (John Milton), 1922- 6295, Survey of Communication Disorders /, c1990.